000 01014cam a22003131 4500
001 sa 68020947
003 DLC
005 20260227112728.0
008 850819s1968 ii b 000 0 tib
010 _asa 68020947
035 _a(OCoLC)16113230
040 _aDLC
_cPU
_dDLC
041 0 _atib
_beng
042 _apremarc
043 _aa-cc---
050 0 0 _aR127.5
_b.G9
100 0 _aGʹyu-thog Yon-tan-mgon-po,
_d1126-1202.
240 1 0 _aSman gźuṅ cha lag bco brgyad
245 1 0 _aYuthok's Treatise on Tibetan medicine /
_cedited by Lokesh Chandra.
260 _aNew Delhi :
_bInternational Academy of Indian Culture,
_c1968.
300 _a[4], 538 p. ;
_c29 cm.
490 1 _aŚata-piṭaka series: Indo-Asian literatures;
_vv. 72
500 _aIn Tibetan; pref. in English.
504 _aIncludes bibliographical references.
650 0 _aMedicine, Tibetan
_vEarly works to 1800.
700 0 _aLokesh Chandra.
740 0 _aTreatise on Tibetan medicine.
830 0 _aŚatapiṭaka ;
_vv. 72.
999 _c89631
_d89631